| 000 | 00584nam a22002177a 4500 | ||
|---|---|---|---|
| 003 | UA-OsUOA | ||
| 001 | 67933 | ||
| 007 | ta | ||
| 008 | 20100322b un ||||| |||| 00| 0 ukr d | ||
| 100 | _aДзюба І. | ||
| 090 |
_a82 _bД43 |
||
| 942 | _cSA | ||
| 040 |
_aUA-OsUOA _bukr _cUA-OsUOA _dUA-OsUOA |
||
| 245 | _aЛіна Костенко: "В глухі часи загострюється слух..." | ||
| 300 | _aС.1 | ||
| 955 | _a0 | ||
| 041 | _aukr | ||
| 080 | _a82 | ||
| 773 | 0 | _w67932 | |
| 650 | 7 |
_a82 Література. Літературознавство _2UDC |
|
| 999 |
_c354036 _d354036 |
||